|
|
|
|
| LEADER |
02501nam a22003737a 4500 |
| 001 |
44120 |
| 003 |
BD-DhAAL |
| 005 |
20250220165123.0 |
| 008 |
250220r20222021bg ||||| b||| 001 0 eng d |
| 020 |
|
|
|a 9847032000025
|
| 040 |
|
|
|a BD-DhAAL
|c BD-DhAAL
|
| 082 |
|
|
|a 610.727
|2 23
|
| 100 |
|
|
|a Hoque, Md. Mozammel.
|9 57524
|
| 245 |
|
|
|a Abc of research methodology and biostatistics /
|c Md. Mozammel Hoque.
|
| 250 |
|
|
|a Fourth edition.
|
| 260 |
|
|
|a Dhaka :
|b Combined Medical Pubications,
|c 2021 [reprinted 2022].
|
| 300 |
|
|
|a 404 pages ;
|c 28 cm
|
| 504 |
|
|
|a Includes bibliographical references and index.
|
| 526 |
|
|
|a MNS
|x Dr. Munima Haque,
Associate Professor
Department of Mathematics and Natural Sciences (MNS).
Course Name and No. : Biostatistics (BTE 317)
|
| 541 |
|
|
|a Karim International
|e 44120, 44121, 44122, 44123, 44124
|
| 650 |
|
|
|a Medical statistics.
|
| 650 |
|
|
|a Statistics.
|
| 650 |
|
|
|a Biometry.
|
| 650 |
|
|
|a Research Design.
|
| 650 |
|
|
|a Statistics
|x methods.
|9 44046
|
| 650 |
|
|
|a Biometry
|x methods.
|
| 852 |
|
|
|a Ayesha Abed Library
|c General Stacks
|
| 942 |
|
|
|c BK
|2 ddc
|
| 999 |
|
|
|c 47219
|d 47219
|
| 952 |
|
|
|0 0
|1 0
|2 ddc
|4 0
|6 610_727000000000000_HOQ
|7 0
|9 77378
|a BRACUL
|b BRACUL
|c GEN
|d 2025-02-18
|e Karim International
|g 480.00
|l 0
|o 610.727 HOQ
|p 3010044122
|r 2025-02-18
|t 3
|v 480.00
|w 2025-02-18
|y BK
|x Requisitioned by Dr. Munima Haque for the course named- "Biostatistics (BTE 317)".
|
| 952 |
|
|
|0 0
|1 0
|2 ddc
|4 0
|6 610_727000000000000_HOQ
|7 0
|9 77379
|a BRACUL
|b BRACUL
|c GEN
|d 2025-02-18
|e Karim International
|g 480.00
|l 0
|o 610.727 HOQ
|p 3010044124
|r 2025-02-18
|t 5
|v 480.00
|w 2025-02-18
|y BK
|x Requisitioned by Dr. Munima Haque for the course named- "Biostatistics (BTE 317)".
|
| 952 |
|
|
|0 0
|1 0
|2 ddc
|4 0
|6 610_727000000000000_HOQ
|7 0
|9 77380
|a BRACUL
|b BRACUL
|c GEN
|d 2025-02-18
|e Karim International
|g 480.00
|l 0
|o 610.727 HOQ
|p 3010044121
|r 2025-02-18
|t 2
|v 480.00
|w 2025-02-18
|y BK
|x Requisitioned by Dr. Munima Haque for the course named- "Biostatistics (BTE 317)".
|
| 952 |
|
|
|0 0
|1 0
|2 ddc
|4 0
|6 610_727000000000000_HOQ
|7 0
|9 77381
|a BRACUL
|b BRACUL
|c GEN
|d 2025-02-18
|e Karim International
|g 480.00
|l 0
|o 610.727 HOQ
|p 3010044123
|r 2025-02-18
|t 4
|v 480.00
|w 2025-02-18
|y BK
|x Requisitioned by Dr. Munima Haque for the course named- "Biostatistics (BTE 317)".
|
| 952 |
|
|
|0 0
|1 0
|2 ddc
|4 0
|6 610_727000000000000_HOQ
|7 0
|9 77382
|a BRACUL
|b BRACUL
|c GEN
|d 2025-02-18
|e Karim International
|g 480.00
|l 0
|o 610.727 HOQ
|p 3010044120
|r 2025-02-18
|t 1
|v 480.00
|w 2025-02-18
|y BK
|x Requisitioned by Dr. Munima Haque for the course named- "Biostatistics (BTE 317)".
|